|
|
|
|
| LEADER |
00000nam0a2200000 4500 |
| 001 |
132976 |
| 005 |
20231101220412.0 |
| 010 |
|
|
|a 9785859718030
|
| 035 |
|
|
|a (RuTPU)RU\TPU\book\143990
|
| 090 |
|
|
|a 132976
|
| 100 |
|
|
|a 20080311d2008 m y0rusy50 ca
|
| 101 |
0 |
|
|a rus
|
| 102 |
|
|
|a RU
|
| 105 |
|
|
|a a j 001zy
|
| 200 |
1 |
|
|a Мировые информационные ресурсы. Интернет
|e практикум
|f под ред. П. В. Аникина
|
| 210 |
|
|
|a Москва
|c КноРус
|d 2008
|
| 215 |
|
|
|a 256 с.
|c ил.
|
| 320 |
|
|
|a Литература: с. 257.
|
| 330 |
|
|
|a Рассматриваются характеристики параметров интернет-ресурсов и освещаются вопросы организации работы во Всемирной информационной сети. Особое внимание уделено изучению языка разметки гипертекста (HTML) и оптимизации графики. Даны практические рекомендации по самостоятельному созданию несложных web-сайтов типа «домашняя страница» или «электронное представительство фирмы». В процессе лабораторных занятий студенты приобретут навыки работы с компьютером и получат общее представление о глобальной сети. Для студентов вузов, обучающихся по специальности «Прикладная информатика» и другим специальностям.
|
| 606 |
|
|
|a Информационные ресурсы
|2 stltpush
|3 (RuTPU)RU\TPU\subj\12935
|9 39633
|
| 610 |
1 |
|
|a параметры
|
| 610 |
1 |
|
|a Интернет
|
| 610 |
1 |
|
|a подключение
|
| 610 |
1 |
|
|a адресация
|
| 610 |
1 |
|
|a электронные документы
|
| 610 |
1 |
|
|a информации
|
| 610 |
1 |
|
|a поиск
|
| 610 |
1 |
|
|a поисковые системы
|
| 610 |
1 |
|
|a электронная почта
|
| 610 |
1 |
|
|a Outlook Express
|
| 610 |
1 |
|
|a Netscape
|
| 610 |
1 |
|
|a Opera
|
| 610 |
1 |
|
|a Internet Explorer
|
| 610 |
1 |
|
|a HTML
|
| 610 |
1 |
|
|a Web-страницы
|
| 610 |
1 |
|
|a текст
|
| 610 |
1 |
|
|a гипертекстовые ссылки
|
| 610 |
1 |
|
|a графические изображения
|
| 610 |
1 |
|
|a практикумы
|
| 675 |
|
|
|a 681.324(076)
|v 3
|
| 702 |
|
1 |
|a Аникин
|b П. В.
|4 340
|
| 801 |
|
1 |
|a RU
|b 63413507
|c 20080311
|g PSBO
|
| 801 |
|
2 |
|a RU
|b 63413507
|c 20171018
|g PSBO
|
| 942 |
|
|
|c BK
|